| 000 | 00982nam a2200253 i 4500 | ||
|---|---|---|---|
| 999 |
_c7814 _d7814 |
||
| 001 | 991058478168306706 | ||
| 003 | OSt | ||
| 005 | 20231115103015.0 | ||
| 006 | m o d | | ||
| 007 | cr ||||||||||| | ||
| 008 | 201029s2019 sp a ob 000 0 spa d | ||
| 040 |
_aCDMR _cCDMR _bcat |
||
| 110 |
_94906 _aSembraMedia |
||
| 245 | 1 | 0 |
_aPunto de partida II _b: informe sobre la enseñanza del periodismo emprendedor en las universidades de Latinoamérica y España [recurs electrònic] / _cSembraMedia, UNESCO |
| 260 |
_a[S.l. : _bs.n., _c2023] |
||
| 300 | _a1 recurs electrònic (44 pàgines) | ||
| 650 | 0 |
_aEmprenedoria _93077 |
|
| 650 | 0 |
_aPeriodisme _92266 _xEnsenyament _zEspanya |
|
| 650 | 0 |
_aPeriodisme _92734 _xEnsenyament _zAmèrica Llatina |
|
| 650 | 0 |
_aEmpreses periodístiques _93665 _xDirecció i administració |
|
| 710 | 2 |
_91452 _aUnesco |
|
| 856 |
_zAccés en línia _uhttps://profesores.sembramedia.org/informes/Punto-de-Partida-II-PDF-ESP.pdf |
||
| 942 |
_2udc _cLLIBRE-E |
||